| 000 | 01524cam a2200325 a 4500 | ||
|---|---|---|---|
| 999 |
_c26742 _d26742 |
||
| 001 | 1581193 | ||
| 005 | 20170206104447.0 | ||
| 008 | 931201s1994 nyua bc 001 0 eng | ||
| 010 | _a 93046774 | ||
| 020 | _a0870996932 | ||
| 050 | 0 | 0 | _aND3241 .S85 1994 |
| 100 | 1 | _aSwietochowski, Marie Lukens. | |
| 245 | 1 | 0 |
_aIllustrated poetry and epic images : _bPersian painting of the 1330s and 1340s / _cby Marie Lukens Swietochowski and Stefano Carboni ; with essays by A.H. Morton and Tomoko Masuya. |
| 260 |
_aNew York : _bMetropolitan Museum of Art, _cc1994. |
||
| 300 |
_a148 p. : _bill. (some col.) ; _c28 cm. |
||
| 500 | _aPublished in conjunction with the exhibition held at the Metropolitan Museum of Art, New York, February 1-May 1, 1994. | ||
| 504 | _aIncludes bibliographical references (p. 146-148). | ||
| 650 | 0 |
_aIllumination of books and manuscripts, Iranian _vExhibitions. |
|
| 650 | 0 |
_aIslamic illumination of books and manuscripts _zIran _vExhibitions. |
|
| 700 | 1 | _aCarboni, Stefano. | |
| 710 | 2 | _aMetropolitan Museum of Art (New York, N.Y.) | |
| 942 |
_2lcc _cBOOKS |
||